Quà tặng cuộc sống

Сохранить в:
Библиографические подробности
Главный автор:  Siegel, Bernie S
Формат: Sách
Язык:Undetermined
Опубликовано:  Tổng hợp Tp. Hồ Chí Minh  2017
Предметы:
Метки: Добавить метку
Нет меток, Требуется 1-ая метка записи!
Thư viện lưu trữ: Trung tâm Thư viện - Trường Đại học Công nghiệp TP. Hồ Chí Minh
LEADER 00536nam a2200157Ia 4500
001 UIH_06675
008 231011s9999 xx 000 0 und d
082 |a  158.1 
100 |a  Siegel, Bernie S 
245 0 |a  Quà tặng cuộc sống 
245 0 |c  Siegel, Bernie S 
260 |b  Tổng hợp Tp. Hồ Chí Minh 
260 |c  2017 
650 |a  Kỹ năng sống; Tâm lí học ứng dụng;  
927 |a Sách 
980 |a Trung tâm Thư viện - Trường Đại học Công nghiệp TP. Hồ Chí Minh